Linux complete : Linux documentation Project /
Gespeichert in:
| Körperschaft: | |
|---|---|
| Format: | Buch |
| Sprache: | English |
| Veröffentlicht: |
San Francisco :
Sybex,
1999.
|
| Schlagworte: | |
| Tags: |
Tag hinzufügen
Keine Tags, Fügen Sie den ersten Tag hinzu!
|
| Thư viện lưu trữ: | Mạng thư viện Đại học Đà Nẵng |
|---|
| LEADER | 00786cam a2200313 i 4500 | ||
|---|---|---|---|
| 001 | 000045391 | ||
| 003 | 4567 | ||
| 005 | 20030325160112.0 | ||
| 008 | 010220|1999 vm 000 eng | ||
| 020 | |a 0782125670 | ||
| 040 | |a IRC |c IRC |d IRC | ||
| 041 | 0 | |a eng | |
| 082 | 1 | 4 | |a 005.4469 |b Li-C |
| 245 | 0 | 0 | |a Linux complete : |b Linux documentation Project / |c Compiled by Grant Taylor. |
| 260 | |a San Francisco : |b Sybex, |c 1999. | ||
| 300 | |a 985p. ; |c 21cm. | ||
| 630 | 0 | 4 | |a Linux. |
| 650 | 0 | 4 | |a Linux (Computer program) |
| 710 | 1 | |a Taylor, Grant. | |
| OWN | |a DUT | ||
| 999 | |a From the UDN01 | ||
| TYP | |a Monograph | ||
| TYP | |a Printed language | ||
| 980 | |a Mạng thư viện Đại học Đà Nẵng | ||


